UM Logo

District re-echo training on teaching children with hearing impairment / (Record no. 17824)

MARC details
000 -LEADER
fixed length control field 00740nam a22002057a 4500
003 - CONTROL NUMBER IDENTIFIER
control field OSt
005 - DATE AND TIME OF LATEST TRANSACTION
control field 20230119141938.0
008 - FIXED-LENGTH DATA ELEMENTS--GENERAL INFORMATION
fixed length control field 230119b ||||| |||| 00| 0 eng d
040 ## - CATALOGING SOURCE
Transcribing agency 0
082 ## - DEWEY DECIMAL CLASSIFICATION NUMBER
Classification number DPer 370.5 M720 June - December 2017 v66 no. 1-7
100 ## - MAIN ENTRY--PERSONAL NAME
Personal name Valdez, Maria Remedios C.
Relator term author.
9 (RLIN) 47359
245 ## - TITLE STATEMENT
Title District re-echo training on teaching children with hearing impairment /
Statement of responsibility, etc. Maria Remedios C. Valdez
260 ## - PUBLICATION, DISTRIBUTION, ETC. (IMPRINT)
Place of publication, distribution, etc. Philippines :
Name of publisher, distributor, etc. Papi Publishers, Inc.,
Date of publication, distribution, etc. July 2017.
300 ## - PHYSICAL DESCRIPTION
Extent volume 66, page 66-67.
650 ## - SUBJECT ADDED ENTRY--TOPICAL TERM
Topical term or geographic name as entry element Hearing impaired.
9 (RLIN) 47360
650 ## - SUBJECT ADDED ENTRY--TOPICAL TERM
Topical term or geographic name as entry element Physically handicapped children.
9 (RLIN) 47361
650 ## - SUBJECT ADDED ENTRY--TOPICAL TERM
Topical term or geographic name as entry element Special education.
9 (RLIN) 47362
700 ## - ADDED ENTRY--PERSONAL NAME
Personal name Valdez, Maria Remedios C.
Relator term author.
9 (RLIN) 47359
942 ## - ADDED ENTRY ELEMENTS (KOHA)
Source of classification or shelving scheme Dewey Decimal Classification
Koha item type Periodicals
Holdings
Withdrawn status Lost status Source of classification or shelving scheme Damaged status Not for loan Collection code Home library Current library Date acquired Total Checkouts Full call number Date last seen Price effective from Koha item type Public note
    Dewey Decimal Classification     Periodicals UM Digos College - LIC UM Digos College - LIC 01/19/2023   DPer 370.5 M720 June - December 2017 v66 no. 1-7 01/19/2023 01/19/2023 Periodicals Periodical Article